|
|
|
|
| LEADER |
00000nam0a2200000 4500 |
| 001 |
141917 |
| 005 |
20231031142558.0 |
| 010 |
|
|
|a 9785276015385
|
| 035 |
|
|
|a (RuTPU)RU\TPU\book\153815
|
| 035 |
|
|
|a RU\TPU\book\113466
|
| 090 |
|
|
|a 141917
|
| 100 |
|
|
|a 20080828d2008 m y0rusy50 ca
|
| 101 |
0 |
|
|a rus
|
| 102 |
|
|
|a RU
|
| 105 |
|
|
|a a j 001zy
|
| 200 |
1 |
|
|a Введение в дискретную математику
|e учебное пособие
|f П. А. Кочетков
|g Московский государственный индустриальный университет; Институт дистанционного образования
|
| 205 |
|
|
|a 3-е изд., стер.
|
| 210 |
|
|
|a Москва
|c Изд-во МГИУ
|d 2008
|
| 215 |
|
|
|a 88 с.
|c ил.
|
| 320 |
|
|
|a Библиогр.: с. 87.
|
| 330 |
|
|
|a Учебное пособие подготовлено для студентов высших учебных заведений, обучающихся по экономическим специальностям. Содержание материала и его изложение предназначено для самостоятельного изучения данного курса.
|
| 451 |
|
1 |
|0 (RuTPU)RU\TPU\book\113466
|y 978-5-276-00942-1
|t Введение в дискретную математику
|o учебное пособие
|f П. А. Кочетков
|g Московский государственный индустриальный университет; Институт дистанционного образования
|e 2-е изд., доп. и перераб.
|c М.
|n Изд-во МГИУ
|d 2007
|p 88 с.
|a Кочетков, Павел Анатольевич
|
| 610 |
1 |
|
|a дискретная математика
|
| 610 |
1 |
|
|a теория множеств
|
| 610 |
1 |
|
|a комбинаторика
|
| 610 |
1 |
|
|a бинарные отношения
|
| 610 |
1 |
|
|a алгебраические отношения
|
| 610 |
1 |
|
|a математическая логика
|
| 610 |
1 |
|
|a графы
|
| 610 |
1 |
|
|a множества
|
| 610 |
1 |
|
|a учебные пособия
|
| 610 |
1 |
|
|a математика
|
| 675 |
|
|
|a 51-022.334(075.8)
|v 3
|
| 700 |
|
1 |
|a Кочетков
|b П. А.
|g Павел Анатольевич
|
| 712 |
0 |
2 |
|a Московский государственный индустриальный университет (МГИУ)
|b Институт дистанционного образования
|2 stltpush
|3 (RuTPU)RU\TPU\col\12623
|
| 801 |
|
1 |
|a RU
|b 63413507
|c 20061113
|g PSBO
|
| 801 |
|
2 |
|a RU
|b 63413507
|c 20120213
|g PSBO
|
| 900 |
|
|
|a Дискретная математика
|
| 900 |
|
|
|a Дискретная математика и теория графов
|
| 900 |
|
|
|a Основы дискретной математики
|
| 942 |
|
|
|c BK
|
| 959 |
|
|
|a 83/20071122
|d 1
|e 55,00
|f АНЛ:1
|